| 000 | 01260nam a2200313 i 4500 | ||
|---|---|---|---|
| 001 | bg | ||
| 100 | 1 | _aKOŻUCH, Antoni. | |
| 245 | 1 | 0 |
_aPodstawy rachunkowości : _bpodręcznik dla liceum, technikum i szkoły policealnej w zawodach rolnych i gospodarki żywnościowej. _nCz. 2 / _cAntoni Kożuch, Agata Marcysiak, Bożena Piechowicz. |
| 260 |
_aWarszawa : _bWydawnictwa Szkolne i Pedagogiczne, _c1999. |
||
| 300 |
_a190, [1] s., [2] k. tabl. luz. ; _c24 cm. |
||
| 490 | 1 | _aAgrobiznes | |
| 504 | _aBibliogr. s. 190-[191]. | ||
| 521 | _aDla uczniów kl. III, IV, V technikum agrobiznesu, dla II, III, IV semestru szkoły policealnej, studentów Wyższych Szkół Rolniczych i wszystkich związanych z rolnictwem. | ||
| 650 | 9 | _aRachunkowość | |
| 655 | _aPodręczniki dla szkół zawodowych | ||
| 700 | 1 | _aMARCYSIAK, Agata. | |
| 700 | 1 | _aPIECHOWICZ, Bożena. | |
| 830 | _aAgrobiznes | ||
| 020 | _a8302072397 (całość) | ||
| 020 | _a8302072389 (cz. 2) | ||
| 040 | _cBPK | ||
| 041 | 0 | _apl | |
| 080 | _a657(075.3) | ||
| 920 | _a83-02-07239-7 (całość) | ||
| 920 | _a83-02-07238-9 (cz. 2) | ||
| 942 | _cKS | ||
| 008 | s pl f |000 0 pol | ||
| 999 |
_c39240 _d39240 |
||
| 856 |
_uhttp://koha.tu.koszalin.pl/cgi-bin/koha/opac-detail.pl?biblionumber=39240 _yKatalog online BPK |
||